[Event "GRE-ch U10"]
[Site "Patras"]
[Date "2021.09.02"]
[Round "5"]
[White "Keramaros, Vasileios"]
[Black "Misthos, Alexandros"]
[Result "0-1"]
[WhiteElo "1009"]
[BlackElo "1277"]
[PlyCount "130"]
[EventDate "2021.08.30"]
[EventType "swiss"]
[EventRounds "9"]
[EventCountry "GRE"]
[SourceTitle "EXT 2022"]
[Source "ChessBase"]
[SourceDate "2021.10.06"]
[SourceVersion "1"]
[SourceVersionDate "2021.10.06"]
[SourceQuality "1"]

1. d4 Nf6 2. c4 c5 3. d5 b5 4. Bg5 Ne4 5. Bf4 b4 6. Qc2 Nf6 7. Nf3 d6 8. Nbd2 e5 9. dxe6 Bxe6 10. b3 Be7 11. Rd1 Bd7 12. Bxd6 Bxd6 13. Ne4 Be7 14. Nxf6+ gxf6 15. Qe4 Nc6 16. e3 Qc7 17. Bd3 f5 18. Qf4 Qxf4 19. exf4 0-0-0 20. 0-0 Be6 21. Be2 Rxd1 22. Rxd1 Rd8 23. Rxd8+ Bxd8 24. Kf1 Bf6 25. Ke1 Bc3+ 26. Kf1 a5 27. Bd3 a4 28. g3 Na5 29. Bc2 Nxc4 30. bxa4 Nd2+ 31. Nxd2 Bxd2 32. Bb3 c4 33. Bc2 b3 34. axb3 cxb3 35. Bb1 Bc4+ 36. Kg2 Be6 37. Kf3 b2 38. Ke2 Bc1 39. Kd3 Bd5 40. Kc3 Be4 41. Bxe4 fxe4 42. Kc2 Kb7 43. f5 Ka6 44. g4 h6 45. h4 Ka5 46. g5 hxg5 47. hxg5 Bxg5 48. Kxb2 Bh4 49. Kc2 Bxf2 50. Kd2 e3+ 51. Ke2 Kxa4 52. f6 Kb3 53. Kd1 Kc3 54. Ke2 Kd4 55. Kf1 Kd3 56. Kg2 e2 57. Kxf2 Kd2 58. Kf3 e1Q 59. Kg4 Qe5 60. Kf3 Qf5+ 61. Kg2 Ke3 62. Kg1 Qf2+ 63. Kh1 Qe2 64. Kg1 Kf3 65. Kh1 Qg2# 0-1

[Event "GRE-ch South U10"]
[Site "Athens"]
[Date "2020.09.02"]
[Round "8"]
[White "Pitsakis, Ilias"]
[Black "Misthos, Alexandros"]
[Result "1-0"]
[WhiteElo "1218"]
[BlackElo "1233"]
[PlyCount "85"]
[EventDate "2020.08.28"]
[EventType "swiss"]
[EventRounds "9"]
[EventCountry "GRE"]
[SourceTitle "EXT 2023"]
[Source "ChessBase"]
[SourceDate "2022.10.05"]
[SourceVersion "1"]
[SourceVersionDate "2022.10.05"]
[SourceQuality "1"]

1. d4 d5 2. Nf3 Nf6 3. g3 e6 4. Bg2 b5 5. 0-0 Be7 6. a4 b4 7. c4 bxc3 8. Nxc3 c5 9. Qc2 Nbd7 10. Rd1 0-0 11. e4 cxd4 12. Nxd4 Bb7 13. exd5 exd5 14. Nf5 Nc5 15. Nxd5 Nxd5 16. Bxd5 Bxd5 17. Rxd5 Qe8 18. Nxe7+ Qxe7 19. Rxc5 Rae8 20. Be3 Rb8 21. Rc7 Qf6 22. Qc3 Rxb2 23. Qxf6 gxf6 24. Rxa7 Rbb8 25. a5 Ra8 26. Rxa8 Rxa8 27. a6 Kg7 28. a7 f5 29. Rb1 f4 30. gxf4 Kg6 31. Rb8 Rxa7 32. Bxa7 Kg7 33. Kg2 Kf6 34. Kf3 Kf5 35. Rb6 f6 36. Rc6 h5 37. Bd4 Kg6 38. f5+ Kg7 39. Rxf6 h4 40. Kg4 h3 41. Kg5 Kh8 42. Rf8+ Kh7 43. Rh8# 1-0

[Event "GRE-ch South U10"]
[Site "Athens"]
[Date "2020.08.31"]
[Round "5"]
[White "Misthos, Alexandros"]
[Black "Papadopoulos, Georgios Dim"]
[Result "1-0"]
[WhiteElo "1233"]
[BlackElo "1129"]
[PlyCount "163"]
[EventDate "2020.08.28"]
[EventType "swiss"]
[EventRounds "9"]
[EventCountry "GRE"]
[SourceTitle "EXT 2023"]
[Source "ChessBase"]
[SourceDate "2022.10.05"]
[SourceVersion "1"]
[SourceVersionDate "2022.10.05"]
[SourceQuality "1"]

1. e4 e5 2. d4 exd4 3. c3 c5 4. Nf3 Bd6 5. cxd4 b6 6. Bc4 Ne7 7. d5 Qc7 8. 0-0 0-0 9. Re1 Ng6 10. Nc3 Ba6 11. Bxa6 Nxa6 12. Qe2 Qc8 13. g3 Re8 14. Qc4 Qb7 15. a3 Rac8 16. Bd2 Nb8 17. Kg2 a6 18. a4 Ne5 19. Nxe5 Bxe5 20. Nd1 d6 21. Bc3 Nd7 22. f3 b5 23. Qe2 c4 24. axb5 axb5 25. Ne3 Nc5 26. Nf5 Qd7 27. Bxe5 Rxe5 28. Nd4 Nd3 29. Red1 Rce8 30. Nc6 Rxd5 31. Qf1 Rc5 32. Nd4 Nxb2 33. Rdb1 Nd3 34. Ra5 Rb8 35. Nxb5 h6 36. Nc3 Rxb1 37. Ra8+ Rc8 38. Rxc8+ Qxc8 39. Qxb1 Qc5 40. Qa2 Qb4 41. Qa1 Qb2+ 42. Qxb2 Nxb2 43. Kf2 Kf8 44. Ke3 Ke7 45. Kd4 Kd7 46. Nb5 Kc6 47. Na3 Kb6 48. Nxc4+ Nxc4 49. Kxc4 Kc6 50. f4 f6 51. f5 Kc7 52. Kd5 Kd7 53. g4 Ke7 54. Kc6 Kf7 55. Kxd6 g6 56. Kd7 h5 57. gxh5 gxh5 58. h4 Kf8 59. Ke6 Kg7 60. Ke7 Kg8 61. Kxf6 Kf8 62. e5 Ke8 63. e6 Kf8 64. e7+ Ke8 65. Kg7 Kxe7 66. f6+ Kd7 67. f7 Ke6 68. f8Q Kd5 69. Qe7 Kd4 70. Qe6 Kc5 71. Kf6 Kd4 72. Qe5+ Kd3 73. Qf4 Kc3 74. Qe4 Kb3 75. Qd4 Kc2 76. Qe3 Kb2 77. Qd3 Kc1 78. Qe2 Kb1 79. Ke5 Ka1 80. Kd4 Kb1 81. Kc3 Ka1 82. Qb2# 1-0

[Event "GRE-ch South U10"]
[Site "Athens"]
[Date "2020.08.29"]
[Round "3"]
[White "Misthos, Alexandros"]
[Black "Vassis, Michail"]
[Result "0-1"]
[WhiteElo "1233"]
[BlackElo "1364"]
[PlyCount "68"]
[EventDate "2020.08.28"]
[EventType "swiss"]
[EventRounds "9"]
[EventCountry "GRE"]
[SourceTitle "EXT 2023"]
[Source "ChessBase"]
[SourceDate "2022.10.05"]
[SourceVersion "1"]
[SourceVersionDate "2022.10.05"]
[SourceQuality "1"]

1. e4 Nf6 2. e5 Nd5 3. d4 d6 4. c4 Nb6 5. exd6 cxd6 6. Nf3 Bg4 7. Nc3 Nc6 8. Be3 g6 9. h3 Bxf3 10. Qxf3 Bg7 11. Qd1 Rc8 12. b3 0-0 13. Rc1 Nd7 14. Be2 f5 15. d5 Nb4 16. a3 Na6 17. Nb5 Nac5 18. 0-0 a6 19. Nd4 f4 20. Ne6 Nxe6 21. dxe6 Ne5 22. Bd4 f3 23. Bxf3 Nxf3+ 24. gxf3 Bxd4 25. Qxd4 Rxf3 26. Rc3 Qf8 27. Re3 Rc5 28. Qe4 Rg5+ 29. Kh1 Rxf2 30. Rxf2 Qf7 31. Rf4 Qxf4 32. Re1 Qf2 33. Qf3 Rg3 34. Qf4 Qf3+ 0-1

[Event "GRE-ch U08"]
[Site "Patras"]
[Date "2019.06.27"]
[Round "4.1"]
[White "Oikonomopoulos, Filippos"]
[Black "Misthos, Alexandros"]
[Result "1-0"]
[WhiteElo "1348"]
[BlackElo "1228"]
[PlyCount "109"]
[EventDate "2019.06.25"]
[EventType "swiss"]
[EventRounds "9"]
[EventCountry "GRE"]
[SourceTitle "EXT 2020"]
[Source "ChessBase"]
[SourceDate "2019.10.17"]
[SourceVersion "1"]
[SourceVersionDate "2019.10.17"]
[SourceQuality "1"]
[WhiteTeam "Greece"]
[BlackTeam "Greece"]
[WhiteTeamCountry "GRE"]
[BlackTeamCountry "GRE"]

1. e4 c5 2. Nc3 Nc6 3. f4 g6 4. Nf3 Bg7 5. Bc4 d6 6. d3 Rb8 7. 0-0 a6 8. a4 Nf6 9. Qe1 Nb4 10. Bb3 e6 11. Qh4 Nc6 12. Be3 0-0 13. f5 exf5 14. Bg5 Nb4 15. exf5 d5 16. fxg6 fxg6 17. Ne4 c4 18. Nxf6+ Bxf6 19. Bxf6 Qxf6 20. Qxf6 Rxf6 21. dxc4 dxc4 22. Bxc4+ Be6 23. Bxe6+ Rxe6 24. c3 Nc6 25. Rae1 Rbe8 26. Rxe6 Rxe6 27. Re1 Rxe1+ 28. Nxe1 Kf7 29. Kf2 Ke6 30. Ke3 Kf5 31. Nf3 Na5 32. b4 Nc4+ 33. Kd4 Nb2 34. a5 Kf4 35. Ne5 Nd1 36. g3+ Kf5 37. Nf7 Kf6 38. Nd6 Ke6 39. Nxb7 Kd7 40. Nc5+ Kc6 41. Nxa6 Kb7 42. Nc5+ Ka8 43. Ne4 h5 44. c4 h4 45. b5 hxg3 46. hxg3 g5 47. c5 g4 48. b6 Nc3 49. Nxc3 Kb8 50. a6 Ka8 51. a7 Kb7 52. c6+ Ka8 53. c7 Kb7 54. a8Q+ Kxa8 55. c8Q# 1-0